00313nam a2200109 a 450000500170000000800410001702000180005805000190007610000210009524500470011626000400016320140412111419.0070906s19uu xx 00 eng d a971-508-215-7 aBBbTi551 2003 aVillanueva, Rene aTiktaktok at pikpakbum /cRene Villanueva. aPhilippines :bAdarna House,c2003.